Después de la fotografía.
Saved in:
| Main Author: | |
|---|---|
| Other Authors: | |
| Format: | Book |
| Published: |
Oaxaca, México:
Ediciones Ve; Fundación Televisa,
2010.
|
| Series: | SerieVe,
|
| Subjects: | |
| Tags: |
Add Tag
No Tags, Be the first to tag this record!
|
MARC
| LEADER | 00000nam a22000007a 4500 | ||
|---|---|---|---|
| 003 | CL-VaPUC | ||
| 005 | 20250407202457.0 | ||
| 008 | 250320t2010 ||||| |||| 00| 0 eng d | ||
| 999 | |c 447512 |d 447510 | ||
| 020 | |a 978-607-95286-3-8 | ||
| 040 | |c Pontificia Universidad Católica de Valparaíso | ||
| 082 | |a 775 RIT 2010 | ||
| 100 | |9 897265 |a Ritchin, Fred |e autor | ||
| 245 | |a Después de la fotografía. | ||
| 260 | |a Oaxaca, México: |b Ediciones Ve; |b Fundación Televisa, |c 2010. | ||
| 300 | |a 227 páginas: |b fotografía. | ||
| 490 | |a SerieVe, |n 4. | ||
| 500 | |a c.1-c.3. Instituto Arcos.08-01-2025. | ||
| 583 | |c 20250320 |k Gabriela Rodríguez Cuevas | ||
| 650 | 0 | |9 870892 |a Fotografía |x Estética | |
| 650 | 0 | |9 268495 |a Fotografía |x Innovaciones tecnológicas | |
| 650 | 0 | |9 475074 |a Fotografía digital |x Aspectos sociales | |
| 700 | |9 897266 |a Albores, Luis |e traductor | ||
| 942 | |2 ddc |c BK |n 0 | ||
| 952 | |0 0 |1 0 |2 ddc |4 0 |6 775_000000000000000_RIT_2010 |7 0 |8 A |9 601631 |a BIBINC |b BIBINC |d 2025-03-20 |e Instituto Arcos |i 5666456 |o 775 RIT 2010 |p 5666456 |r 2025-03-20 |t 1 |w 2025-03-20 |y BK |k IFP | ||
| 952 | |0 0 |1 0 |2 ddc |4 0 |6 775_000000000000000_RIT_2010 |7 0 |8 A |9 601632 |a BIBINC |b BIBINC |d 2025-03-20 |e Instituto Arcos |i 5666457 |o 775 RIT 2010 |p 5666457 |r 2025-03-20 |t 2 |w 2025-03-20 |y BK |k IFP | ||
| 952 | |0 0 |1 0 |2 ddc |4 0 |6 775_000000000000000_RIT_2010 |7 0 |8 A |9 601633 |a BIBINC |b BIBINC |d 2025-03-20 |e Instituto Arcos |i 5666458 |o 775 RIT 2010 |p 5666458 |r 2025-03-20 |t 3 |w 2025-03-20 |y BK |k IFP | ||